Southville International School and Colleges
Your cart is empty.
  • Cart
  • Lists
    Public lists Eva Luna New books Lux_list list_1
    Your lists Log in to create your own lists
  • Log in to your account
  • Your cookies
  • Search history
Southville International School and Colleges
  • Advanced search
  • Recent comments
  • Most popular
  • Libraries

Log in to your account

Log in with GOOGLE


If you do not have an external account, but do have a local account, you can still log in:

  1. Home
  2. MARC view: The Hotel receptionists /
Normal view MARC view ISBD view

The Hotel receptionists / (Record no. 14439)

[ view plain ]
MARC details
000 -LEADER
fixed length control field 00494nam a22001697a 4500
003 - CONTROL NUMBER IDENTIFIER
control field PILC
005 - DATE AND TIME OF LATEST TRANSACTION
control field 20150112093432.0
008 - FIXED-LENGTH DATA ELEMENTS--GENERAL INFORMATION
fixed length control field 130220t xxu||||| |||| 00| 0 eng d
020 ## - INTERNATIONAL STANDARD BOOK NUMBER
International Standard Book Number 030431532x
050 ## - LIBRARY OF CONGRESS CALL NUMBER
Classification number TX 930
Item number .P35 1984
082 ## - DEWEY DECIMAL CLASSIFICATION NUMBER
Classification number HSF 647.94068
Item number .P15 1984
100 ## - MAIN ENTRY--PERSONAL NAME
Personal name Paige, Grace
9 (RLIN) 13016
245 ## - TITLE STATEMENT
Title The Hotel receptionists /
Statement of responsibility, etc Grace Paige, and Jane Paige
260 ## - PUBLICATION, DISTRIBUTION, ETC. (IMPRINT)
Place of publication, distribution, etc London
Name of publisher, distributor, etc Cassell Education
Date of publication, distribution, etc 1984.
300 ## - PHYSICAL DESCRIPTION
Extent 210 pages ::
Dimensions 24 cm.
Other physical details illustration ;
942 ## - ADDED ENTRY ELEMENTS (KOHA)
Source of classification or shelving scheme Library of Congress Classification
Koha item type Books
Holdings
Withdrawn status Lost status Source of classification or shelving scheme Damaged status Home library Current library Shelving location Date acquired Total Checkouts Full call number Barcode Date last seen Copy number Price effective from Koha item type
    Library of Congress Classification   Southville International School Affiliated with Foreign Universities Library Southville International School Affiliated with Foreign Universities Library Southville Foreign University Section 08/24/2013   TX 930 .P35 1984 SFU0531 05/15/2018 1 08/24/2013 Books

The Hotel receptionists /

APA

Paige, . (1984). The Hotel receptionists. London: Cassell Education.

Chicago

Paige, . 1984. The Hotel receptionists. London: Cassell Education.

Harvard

Paige, . (1984). The Hotel receptionists. London: Cassell Education.

MLA

Paige, . The Hotel receptionists. London: Cassell Education. 1984.

  • Place hold
  • Print
  • Cite
  • Add to your cart (remove)
  • Save record
    BIBTEX Dublin Core MARCXML MARC (non-Unicode/MARC-8) MARC (Unicode/UTF-8) MARC (Unicode/UTF-8, Standard) MODS (XML) RIS
  • More searches
    Search for this title in:
    Other Libraries (WorldCat) Other Databases (Google Scholar) Online Stores (Bookfinder.com) Open Library (openlibrary.org)

Exporting to Dublin Core...

SOUTHVILLE LIBRARY

Southville International School and Colleges Library

1281 Tropical Ave. Cor. Luxembourg St., BF Homes International, Las Pinas City

Tel. No. 8256374 / 252358 Loc. 117/146

Powered by Koha